CREDIT RISK MANAGEMENT RBI BASED II IMPL (Record no. 22734)

MARC details
000 -LEADER
fixed length control field 00367nam a2200145Ia 4500
008 - FIXED-LENGTH DATA ELEMENTS--GENERAL INFORMATION
fixed length control field 240624s9999 xx 000 0 und d
041 ## - LANGUAGE CODE
Language code of text/sound track or separate title eng
082 ## - DEWEY DECIMAL CLASSIFICATION NUMBER
Classification number 658.88 BAG
100 ## - MAIN ENTRY--PERSONAL NAME
Personal name BAGCHI S K
245 ## - TITLE STATEMENT
Title CREDIT RISK MANAGEMENT RBI BASED II IMPL
250 ## - EDITION STATEMENT
Edition statement (3rd Revised)
260 ## - PUBLICATION, DISTRIBUTION, ETC.
Date of publication, distribution, etc. 2013
Place of publication, distribution, etc. Mumbai
Name of publisher, distributor, etc. Jaico
300 ## - PHYSICAL DESCRIPTION
Extent xiv, : 398 : p. : cm. ; 21
365 ## - TRADE PRICE
Currency code RS
Holdings
Withdrawn status Lost status Damaged status Not for loan Home library Current library Shelving location Date acquired Cost, normal purchase price Total Checkouts Full call number Barcode Date last seen Date last checked out Copy number Price effective from Koha item type
        IMTN IMTN Rack 35-B 05/22/2014 306.00 2 658.88 BAG 22734 01/23/2025 01/08/2025 1 06/24/2024 Books
Designed & Maintained by: LRC IMT Nagpur Contact: lrc@imtnag.ac.in© 2024. All Rights Reserved.